000 00835nam a22002057a 4500
999 _c13227
_d13227
003 AR-CdUCM
008 190411b ||||| |||| 00| 0 spa d
040 _aMUNICIPALIDAD PROVINCIAL DEL CUSCO
_cBIBLIOTECA MUNICIPAL DEL CUSCO
082 _aC / 348.6 /
_bC93
100 _aCuadros y Villena, Carlos Ferdinand
_912084
245 _aLas relaciones individuales de trabajo en la legislación social peruana /
260 _aCuzo :
_bH.G. Rozas,
_c1959.
300 _a30 paginas ;
_c22 cm.
505 _aContenido : Etapas de evolución de la legislación social peruana -- Antecedentes colonial -- Desde la declaración de la independencia hasta la post-guerra de 1918...
650 _aLegislación Peruana
_99407
650 _aNormas Peruanas
_931514
650 _aTrabajo
_94726
942 _2ddc
_cLIBROS
945 _awnts
_d2019-04-11